000 01116pam a2200337 a 4500
001 2577467
003 OSt
005 20150408113722.0
008 960130s1996 enka b 001 0 eng
010 _a 96001081
020 _a0133565025
040 _aDLC
_cDLC
_dDLC
043 _an-us---
050 0 0 _aHC59.15
_b.N45 1996
082 0 0 _a330
_220
100 1 _aNellis, J. G.
_95910
245 1 4 _aThe essence of the economy /
_cJoseph G. Nellis and David Parker.
250 _a2nd ed.
260 _aLondon ;
_aNew York :
_bPrentice Hall,
_c1996.
300 _axiv, 214 p. :
_bill. ;
_c24 cm.
490 1 _aPrentice Hall essence of management series
504 _aIncludes bibliographical references (p. 208-209) and index.
650 0 _aEconomic history
_y1990-
_95911
650 0 _aEconomic history
_y1945-
_95912
650 0 _aInternational economic relations.
_95913
650 0 _aEconomics.
700 1 _aParker, David,
_d1949 Sept. 28-
_95914
830 0 _aEssence of management series.
_95915
942 _2ddc
_cBOOK
999 _c708
_d235208